Ρητορική = εν των ενδοξοτέρων τεχνογραφών αρχαίων και νεωτέρων
Αποθηκεύτηκε σε:
| Κύριος συγγραφέας: | |
|---|---|
| Μορφή: | Βιβλίο |
| Γλώσσα: | Greek |
| Δημοσίευση: |
Αθήνησι :
Τύποις Χ. Νικολαϊδου Φιλαδελφέως,
1858.
|
| Έκδοση: | 3η έκδ. |
| Θέματα: | |
| Ετικέτες: |
Προσθήκη ετικέτας
Δεν υπάρχουν, Καταχωρήστε ετικέτα πρώτοι!
|
MARC
| LEADER | 00000cam a2200000 i 4500 | ||
|---|---|---|---|
| 001 | 1/27520 | ||
| 008 | 130313s1856 gr | ||| |||| ||gre|| | ||
| 035 | |l 10114028 | ||
| 040 | |a GR-MyUA |b gre |e AACR2 | ||
| 041 | 0 | |a gre | |
| 082 | 0 | |a 808 |2 (22) | |
| 100 | 1 | |a Βάμβας, Νεόφυτος, |d 1770-1855. | |
| 245 | 1 | 0 | |a Ρητορική = |b εν των ενδοξοτέρων τεχνογραφών αρχαίων και νεωτέρων / |c ερανισθείσα και συνταχθείσα υπό Ν. Βάμβα. |
| 250 | |a 3η έκδ. | ||
| 260 | |a Αθήνησι : |b Τύποις Χ. Νικολαϊδου Φιλαδελφέως, |c 1858. | ||
| 300 | |a δ', 388 σ. ; |c 22 εκ. | ||
| 500 | |a Στη σ.τ. υπάρχει σφραγίδα "Βιβλιοπωλείον Λ. Χατζηλουκά εν Αθήναις" και σφραγίδα "Ι. Τζοβένης Καθηγητής". | ||
| 500 | |a Εκδοσις τρίτη υπό Ι. Βάμβα | ||
| 650 | 0 | 0 | |a Rhetoric. |
| 650 | 0 | 0 | |a Rhetoric, Ancient. |
| 852 | |a INST |b SAMOS |c PORFYRIADA |e 20130313 |h 808 ΒΑΜ |p 005300039815 |q 005300039815 |t NOLOAN |y 23 | ||
| 901 | |a BIBL3-2013-1 | ||
| 909 | |a Σ |b 178050 | ||
| 970 | |a ΚΟΣΙΕΡΗΣ |b ΧΡΗΣΤΟΣ |z 2013/03/13 | ||